| 000 | 00689cam a22002291 4500 | ||
|---|---|---|---|
| 001 | ne 68003645 | ||
| 003 | DLC | ||
| 005 | 20260227111847.0 | ||
| 008 | 820630q19501959sy abh b 000 0 arar | ||
| 010 | _ane 68003645 | ||
| 035 | _a(OCoLC)8563408 | ||
| 040 |
_aDLC _cTU _dTU _dDLC |
||
| 042 | _apremarc | ||
| 050 | 0 | 0 |
_aML345.S97 _bH3 |
| 100 | 1 | _aḤaddād, Ḥusnī. | |
| 245 | 1 | 0 |
_aFī al-mūsīqā al-Sūrīyah _c[taʼlīf] Ḥusnī Ḥaddād. |
| 250 | _aal-Ṭabʻah 1. | ||
| 260 |
_a[Dimashq] _bal-Jīl al-Jadīd _c[195-?] |
||
| 300 |
_a4, 249, [7] p. _billus., facsims., maps. _c22 cm. |
||
| 504 | _aBibliography: p. [251]-[252]. | ||
| 650 | 0 |
_aMusic _zSyria _xHistory and criticism. |
|
| 999 |
_c50808 _d50808 |
||